000 00382nam a2200145Ia 4500
008 230917s9999||||xx |||||||||||||| ||und||
040 _e38778
_aMAIN
041 _aEnglish
082 _a822.09 K162E
100 _aKaufmann, R J, ed.
245 0 _aElizabethan drama: Modern essays in criticism
260 _aLondon
_bOxford University Press
_c1968
300 _a372 p.
942 _cBK
999 _c60035
_d60035